Making your own jewellery : creative designs to make and wear

Bibliographic Details
Main Author: Milne, Wendy Haig
Format: Book
Published: London : New Holland (Publishers) Ltd. , 1993
Subjects:

MARC

LEADER 00000cam a2200000 7i4500
001 0000009814
002 000010687
005 20160906.0
020 |a 1853682217 
090 0 0 |a 739.27   |b MIC 
100 1 |a Milne, Wendy Haig 
245 1 0 |a Making your own jewellery :   |b creative designs to make and wear   |c Wendy Haig Milne 
260 |a London :   |b New Holland (Publishers) Ltd. ,   |c 1993 
300 |a 90 p. :   |b ill. ;   |c 25 cm. 
650 0 0 |a Jewelry 
999 |a 051177   |b BUKU   |c PINJAMAN   |e PERPUSTAKAAN KOMUNITI PETALING JAYA